Statistics for Emblem Flags

Click here to take the quiz!

General Stats

  • This quiz has been taken 53 times
    (48 since last reset)
  • The average score is 20 of 21

Answer Stats

Answer% Correct
Albania
100%
Brazil
100%
China
100%
Turkey
100%
Vietnam
100%
Bangladesh
98%
Cyprus
98%
Japan
98%
Morocco
98%
Saudi Arabia
98%
South Korea
98%
Tunisia
98%
Kyrgyzstan
96%
Afghanistan
93%
Kosovo
93%
Somalia
93%
Saint Lucia
91%
Kazakhstan
89%
Palau
85%
Zambia
85%
Micronesia
80%

Score Distribution

Percentile by Number Answered

Percent of People with Each Score

Your Score History

You have not taken this quiz since the last reset